[Event "I Festival dell'Etna A"]
[Site "Nicolosi ITA"]
[Date "2014.12.07"]
[Round "5"]
[White "Bandieramonte, Enrico"]
[Black "Barbagallo, Andrea"]
[WhiteElo "1665"]
[BlackElo "1677"]
[Result "0-1"]
[PlyCount "112"]
[EventDate "2014.12.05"]

1. Nf3 Nf6 2. g3 g6 3. Bg2 c5 4. Nc3 d5 5. d3 Bg7 6. O-O O-O 7. Nd2 Nc6 8. Nb3
b6 9. Bg5 Be6 10. d4 c4 11. Nc1 Qd7 12. e3 h6 13. Bxf6 Bxf6 14. b3 cxb3 15.
axb3 Nb4 16. N1a2 Nxa2 17. Rxa2 Rac8 18. Qa1 Rc7 19. Rc1 Rfc8 20. Ne2 Bf5 21.
c4 dxc4 22. bxc4 Rxc4 23. Rxc4 Rxc4 24. Rxa7 Rc7 25. Ra8+ Kh7 26. Qa6 b5 27.
Qa3 Rc8 28. Ra5 Rb8 29. Qb3 Qe8 30. Bd5 Kg7 31. Bg2 Bd7 32. Nc3 e6 33. Bf1 b4
34. Ne4 Be7 35. Nd2 Ra8 36. Qa2 Rxa5 37. Qxa5 Qb8 38. Bc4 f5 39. Bb3 Qb5 40.
Qc7 Qc6 41. Qe5+ Bf6 42. Qb8 Qc1+ 43. Nf1 Qc3 44. Qb7 Qxb3 45. Qxd7+ Kg8 46.
Qc8+ Kf7 47. Qc1 Qc3 48. Qb1 b3 49. Nd2 b2 50. Nb3 Qxb3 51. Kg2 Qc3 52. Qa2 Qc1
53. d5 b1=Q 54. dxe6+ Ke7 55. Qa7+ Kxe6 56. Qa6+ Kf7 0-1

[Event "I Festival dell'Etna A"]
[Site "Nicolosi ITA"]
[Date "2014.12.07"]
[Round "5"]
[White "Battaglia, Fabio"]
[Black "Favaloro, Andrea"]
[WhiteElo "1703"]
[BlackElo "2026"]
[Result "0-1"]
[PlyCount "56"]
[EventDate "2014.12.05"]

1. c4 Nf6 2. Nc3 g6 3. Nf3 Bg7 4. d3 O-O 5. g3 d6 6. Bg2 e5 7. O-O Re8 8. Rb1
a5 9. Nd2 c6 10. Nde4 Nxe4 11. Nxe4 Na6 12. a3 d5 13. Nc3 Be6 14. b3 e4 15. Bb2
exd3 16. exd3 h5 17. cxd5 cxd5 18. d4 h4 19. gxh4 Qxh4 20. Nxd5 Rad8 21. Ne3
Be5 22. f4 Bxf4 23. Rxf4 Qxf4 24. Qd3 Nc5 25. Qc3 Ne4 26. Bxe4 Qxe4 27. d5
Qxb1+ 28. Kf2 f6 0-1

[Event "I Festival dell'Etna A"]
[Site "Nicolosi ITA"]
[Date "2014.12.07"]
[Round "5"]
[White "Bifulco, Michel"]
[Black "Spina, Simonpietro"]
[WhiteElo "2110"]
[BlackElo "1858"]
[Result "1-0"]
[PlyCount "41"]
[EventDate "2014.12.05"]

1. e4 d6 2. d4 Nf6 3. Nc3 g6 4. Be3 c6 5. a4 a5 6. h3 Na6 7. g4 h5 8. g5 Nd7 9.
Nge2 Bg7 10. Bg2 Rb8 11. O-O O-O 12. f4 b5 13. axb5 cxb5 14. f5 b4 15. Nd5 Bb7
16. Nef4 Bxd5 17. exd5 Kh7 18. fxg6+ fxg6 19. Be4 Rxf4 20. Rxf4 Nc7 21. Qxh5+
1-0

[Event "I Festival dell'Etna A"]
[Site "Nicolosi ITA"]
[Date "2014.12.07"]
[Round "5"]
[White "Cannella, Carlo"]
[Black "Signorelli, Gaetano"]
[WhiteElo "1931"]
[BlackElo "2091"]
[Result "1-0"]
[PlyCount "59"]
[EventDate "2014.12.05"]

1. e4 c5 2. b3 d6 3. Bb2 Nc6 4. Bb5 Bd7 5. f4 e6 6. Nf3 Nf6 7. e5 Nd5 8. g3 Rg8
9. O-O Qc7 10. Nc3 Nxc3 11. Bxc3 d5 12. d4 h6 13. Be2 O-O-O 14. Be1 cxd4 15.
Bf2 g5 16. Kh1 Kb8 17. Nxd4 Rc8 18. Nb5 Qa5 19. a3 gxf4 20. b4 Qd8 21. gxf4 d4
22. Bf3 Nxe5 23. Qxd4 Nc6 24. Qe3 b6 25. Bg3 f5 26. Rad1 a6 27. Bh4 Be7 28.
Bxe7 Nxe7 29. Rxd7 Nd5 30. Qe5+ 1-0

[Event "I Festival dell'Etna A"]
[Site "Nicolosi ITA"]
[Date "2014.12.07"]
[Round "5"]
[White "Favitta, Amedeo"]
[Black "Battaglia, Giuseppe"]
[WhiteElo "1789"]
[BlackElo "1690"]
[Result "0-1"]
[PlyCount "54"]
[EventDate "2014.12.05"]

1. d4 Nf6 2. Nf3 g6 3. c4 Bg7 4. Nc3 O-O 5. e4 d6 6. h3 e5 7. d5 a5 8. Bg5 h6
9. Be3 Na6 10. Be2 Nh7 11. Qd2 g5 12. g4 Nf6 13. O-O-O a4 14. h4 Nxg4 15. hxg5
Nxe3 16. Qxe3 f5 17. gxh6 f4 18. Qd2 Bf6 19. Nxa4 Bd7 20. Rdg1+ Kf7 21. Nc3 Nc5
22. Ne1 Rxa2 23. Kb1 Ra1+ 24. Kc2 Qa8 25. Bh5+ Ke7 26. Bg6 Ba4+ 27. Nxa4 Qxa4+
0-1

[Event "I Festival dell'Etna A"]
[Site "Nicolosi ITA"]
[Date "2014.12.07"]
[Round "5"]
[White "Furnari, Francesco"]
[Black "Bruno, Alessio"]
[WhiteElo "1850"]
[BlackElo "1338"]
[Result "1-0"]
[PlyCount "53"]
[EventDate "2014.12.05"]

1. d4 d5 2. c4 c6 3. Nc3 Nf6 4. Nf3 g6 5. e3 Bg7 6. Bd3 O-O 7. O-O Re8 8. Qc2
Nbd7 9. cxd5 cxd5 10. Rd1 b6 11. Bd2 Bb7 12. Rac1 Rc8 13. Qb1 e6 14. Nb5 Rxc1
15. Rxc1 Qb8 16. Bb4 Bf8 17. Bxf8 Kxf8 18. Rc3 Rc8 19. Rxc8+ Bxc8 20. Qc2 Ba6
21. Qc3 Kg7 22. h3 Bxb5 23. Bxb5 Qb7 24. Qa3 Qc7 25. Qe7 a6 26. Ng5 axb5 27.
Nxe6+ 1-0

[Event "I Festival dell'Etna A"]
[Site "Nicolosi ITA"]
[Date "2014.12.07"]
[Round "5"]
[White "Gangemi, Salvatore"]
[Black "Guccione, Cristoforo"]
[WhiteElo "2075"]
[BlackElo "1983"]
[Result "1-0"]
[PlyCount "113"]
[EventDate "2014.12.05"]

1. c4 f5 2. Nc3 Nf6 3. d3 g6 4. g3 Bg7 5. Bg2 d6 6. e3 O-O 7. Nge2 c6 8. O-O
Na6 9. Rb1 Nc7 10. b4 e5 11. a4 d5 12. b5 e4 13. Ba3 Re8 14. Nd4 Ng4 15. dxe4
fxe4 16. Nce2 Ne5 17. cxd5 cxd5 18. Qb3 Bg4 19. f3 exf3 20. Nxf3 Nc4 21. Bc1
Bf5 22. e4 Rxe4 23. Bg5 Bf6 24. Bxf6 Qxf6 25. Nf4 Qb6+ 26. Kh1 Re3 27. Qb4 a5
28. bxa6 Bxb1 29. Qxb6 Nxb6 30. axb7 Rb8 31. Rxb1 Nxa4 32. Nd4 Nc3 33. Nxd5 Rd3
34. Nxc3 Rxd4 35. Ne4 Ne6 36. Nc3 Nc5 37. Nd5 Kg7 38. Nf4 g5 39. Ne2 Rd7 40.
Rb5 Rd1+ 41. Ng1 Rc1 42. h3 Kf6 43. Kh2 Rc2 44. Kh1 Rc1 45. Kh2 Rc2 46. Kh1 Nd3
47. Nf3 Rc1+ 48. Kh2 Rc5 49. Rb6+ Kg7 50. Nd4 Re5 51. Nc6 Ree8 52. Nxb8 Rxb8
53. Rb5 h6 54. Be4 Nf2 55. Bf5 Nd1 56. Bc8 Nc3 57. Ra5 1-0

[Event "I Festival dell'Etna A"]
[Site "Nicolosi ITA"]
[Date "2014.12.07"]
[Round "5"]
[White "Gigante, Giovanni"]
[Black "Savalla, Pietro"]
[WhiteElo "1801"]
[BlackElo "1919"]
[Result "0-1"]
[PlyCount "118"]
[EventDate "2014.12.05"]

1. c4 e5 2. Nc3 Bb4 3. Nd5 Bc5 4. e3 c6 5. Nc3 Nf6 6. g3 O-O 7. Bg2 d6 8. Nge2
Be6 9. b3 Qd7 10. Bb2 Bb6 11. Rc1 Re8 12. d4 Bh3 13. O-O Bxg2 14. Kxg2 Bc7 15.
Qd3 Na6 16. a3 Rac8 17. Rcd1 Rcd8 18. dxe5 dxe5 19. Qc2 Qe7 20. Rxd8 Rxd8 21.
Rd1 Rxd1 22. Qxd1 Qd7 23. Qxd7 Nxd7 24. e4 Nac5 25. Nc1 Ne6 26. N3e2 g6 27. Nd3
Nec5 28. Ndc1 Nxe4 29. f3 Nd6 30. c5 Nf5 31. Nd3 f6 32. Kf2 Kf7 33. Nc3 Nd4 34.
b4 Ne6 35. Ne4 Ke7 36. Bc1 Nd8 37. Ke2 Nf7 38. Bd2 h6 39. Nb2 f5 40. Nf2 Ke6
41. Kd3 Nf6 42. Kc4 b5+ 43. Kd3 Nd5 44. Nbd1 Bd8 45. Nc3 Nxc3 46. Bxc3 Bf6 47.
Bd2 Bg5 48. Bc3 Nd8 49. Nd1 h5 50. Be1 Bc1 51. Kc2 Bxa3 52. Bd2 a5 53. bxa5
Bxc5 54. Be3 Bxe3 55. Nxe3 Kd6 56. Kc3 Ne6 57. Nc2 c5 58. a6 Kc6 59. Ne3 Nc7
0-1

[Event "I Festival dell'Etna A"]
[Site "Nicolosi ITA"]
[Date "2014.12.07"]
[Round "5"]
[White "Giuffrida, Francesco"]
[Black "Musso, Andrea"]
[WhiteElo "1527"]
[BlackElo "1697"]
[Result "0-1"]
[PlyCount "86"]
[EventDate "2014.12.05"]

1. e4 e5 2. f4 d5 3. exd5 Qxd5 4. Nc3 Qe6 5. fxe5 Qxe5+ 6. Qe2 Nc6 7. Qxe5+
Nxe5 8. d4 Ng6 9. Nb5 Bb4+ 10. c3 Ba5 11. Be3 Bd7 12. b4 Bb6 13. Bd3 Nf6 14.
Na3 Bc6 15. Nf3 Bxf3 16. gxf3 O-O 17. Bxg6 fxg6 18. Nc4 Nd5 19. Nxb6 axb6 20.
Kf2 Nxc3 21. Rhc1 Nd5 22. a3 c6 23. Bg5 Ra4 24. Bh4 Rfa8 25. Re1 Kf8 26. Re5
Re8 27. Rae1 Rxe5 28. Rxe5 Rxa3 29. b5 Rb3 30. bxc6 bxc6 31. Re2 Rd3 32. Rc2
Rxd4 33. Bg3 c5 34. Ra2 Kf7 35. Be5 Rb4 36. Ra7+ Ke6 37. Bxg7 h5 38. Bh8 c4 39.
Rg7 Ne7 40. Rh7 Rb3 41. Bd4 c3 42. Rh8 c2 43. Be3 Rxe3 0-1

[Event "I Festival dell'Etna A"]
[Site "Nicolosi ITA"]
[Date "2014.12.07"]
[Round "5"]
[White "Gueci, Laura"]
[Black "Santagati, Alessandro"]
[WhiteElo "2010"]
[BlackElo "2212"]
[Result "0-1"]
[PlyCount "118"]
[EventDate "2014.12.05"]

1. c4 Nf6 2. g3 d5 3. Nf3 c6 4. Bg2 Nbd7 5. cxd5 cxd5 6. d4 e6 7. O-O Be7 8.
Nc3 O-O 9. b3 a6 10. Bb2 b5 11. Ne5 Bb7 12. Nxd7 Qxd7 13. Qd3 Bc6 14. f3 b4 15.
Nd1 a5 16. Nf2 a4 17. Rfe1 Bb5 18. Qd1 h6 19. Nd3 Qa7 20. Rc1 a3 21. Ba1 Rfc8
22. Qd2 Ne8 23. Rc2 Rxc2 24. Qxc2 Bxd3 25. Qxd3 Rc8 26. e4 Nf6 27. f4 Qc7 28.
e5 Ne8 29. Bf1 Qc2 30. Qe2 Qxe2 31. Bxe2 Rc2 32. Kf2 Nc7 33. Ke3 Rxa2 34. Rc1
Bd8 35. Rb1 Kf8 36. Rc1 Ke8 37. Rb1 g6 38. h4 h5 39. Rc1 Ke7 40. Bd3 Ne8 41.
Bc2 Ng7 42. Bd3 Bb6 43. Bc2 Kd8 44. Bd3 Ne8 45. Be2 Nc7 46. Bd3 Kc8 47. Ba6+
Kb8 48. Be2 Kb7 49. Bd3 Ba7 50. Be2 Na8 51. Bd3 Nb6 52. Rb1 Nc8 53. Rc1 Ne7 54.
Bc2 Nc6 55. Kd3 Bb6 56. Rd1 Bxd4 57. Bxd4 Nxd4 58. Bb1 Ra1 59. Kxd4 a2 0-1

[Event "I Festival dell'Etna A"]
[Site "Nicolosi ITA"]
[Date "2014.12.07"]
[Round "5"]
[White "Gueci, Tea"]
[Black "Manakova, Maria"]
[WhiteElo "2018"]
[BlackElo "2352"]
[Result "1/2-1/2"]
[PlyCount "104"]
[EventDate "2014.12.05"]

1. e4 e6 2. d4 d5 3. Nd2 Be7 4. c3 Nf6 5. e5 Nfd7 6. Bd3 c5 7. Ne2 b6 8. O-O
Ba6 9. Bxa6 Nxa6 10. f4 O-O 11. Nf3 Rc8 12. Be3 Nab8 13. Rc1 Nc6 14. Ng3 g6 15.
Nd2 b5 16. Qg4 Kh8 17. Nf3 cxd4 18. cxd4 Nb4 19. h4 Nb6 20. Rxc8 Qxc8 21. h5
Nc4 22. hxg6 fxg6 23. Bc1 Nc2 24. Qh3 N2e3 25. Bxe3 Nxe3 26. Re1 Nf5 27. Nxf5
Rxf5 28. g3 Qc4 29. Qf1 g5 30. Qxc4 bxc4 31. Nxg5 Bxg5 32. fxg5 Rf3 33. b3 cxb3
34. axb3 Rxg3+ 35. Kf2 Rxb3 36. Ra1 Kg7 37. Rxa7+ Kg6 38. Re7 Rb6 39. Ke3 Kxg5
40. Rxh7 Rb3+ 41. Ke2 Rg3 42. Rf7 Rg4 43. Ke3 Re4+ 44. Kd3 Rh4 45. Ke3 Rh3+ 46.
Ke2 Rh6 47. Ke3 Rh3+ 48. Ke2 Rh4 49. Ke3 Re4+ 50. Kd3 Rh4 51. Rg7+ Kf4 52. Rf7+
Kg5 1/2-1/2

[Event "I Festival dell'Etna A"]
[Site "Nicolosi ITA"]
[Date "2014.12.07"]
[Round "5"]
[White "Iannello, Antonio"]
[Black "Zuccarotto, Salvatore"]
[WhiteElo "1907"]
[BlackElo "1727"]
[Result "0-1"]
[PlyCount "90"]
[EventDate "2014.12.05"]

1. e4 e5 2. Nf3 d6 3. d4 exd4 4. Nxd4 Be7 5. g3 Nf6 6. Bg2 O-O 7. O-O Nbd7 8.
Nc3 a6 9. Re1 Ne5 10. h3 Rb8 11. Qe2 c5 12. Nf3 Be6 13. Nxe5 dxe5 14. Be3 Qc8
15. Kh2 Rd8 16. Rad1 b5 17. Rxd8+ Bxd8 18. Rd1 h6 19. Nd5 Bxd5 20. exd5 Bb6 21.
Qd2 Qf5 22. b3 Ne4 23. Qd3 Nd6 24. Qxf5 Nxf5 25. Bc1 c4 26. Rf1 cxb3 27. cxb3
Rc8 28. g4 Nd4 29. Be3 Rc2 30. a4 b4 31. Kg3 Rc3 32. Bf3 Rxb3 33. Rc1 Rc3 34.
Bxd4 Bxd4 35. Rxc3 bxc3 36. Bd1 Kf8 37. f4 e4 38. Bc2 e3 39. Kf3 Ke7 40. Ke2
Kd6 41. Bb3 f6 42. Kd3 Ba7 43. Bc4 Kc5 44. Kxc3 a5 45. Kd3 e2 0-1

[Event "I Festival dell'Etna A"]
[Site "Nicolosi ITA"]
[Date "2014.12.07"]
[Round "5"]
[White "La Franca, Vincenzo"]
[Black "Norrito, Salvatore"]
[WhiteElo "1591"]
[BlackElo "1564"]
[Result "0-1"]
[PlyCount "110"]
[EventDate "2014.12.05"]

1. d4 d5 2. Nf3 Nf6 3. e3 g6 4. c3 Bg7 5. Bd3 Nbd7 6. Nbd2 O-O 7. Ne5 c5 8. f4
c4 9. Bc2 Nxe5 10. fxe5 Bg4 11. Nf3 Ne4 12. O-O b5 13. Qe1 e6 14. h3 Bxf3 15.
Rxf3 Qe7 16. Bxe4 dxe4 17. Rf4 Qb7 18. Bd2 f5 19. Qh4 a5 20. g4 Rad8 21. gxf5
exf5 22. Rf2 Rd5 23. Qg5 Qf7 24. Raf1 Rfd8 25. Qg2 Qe7 26. Bc1 b4 27. Kh1 Kh8
28. Rg1 b3 29. axb3 cxb3 30. c4 R5d7 31. c5 Qe6 32. Bd2 Ra8 33. Rc1 Qd5 34. Bc3
a4 35. Bb4 Rc8 36. Qg5 Rc6 37. h4 h6 38. Qf4 Kh7 39. h5 Rf7 40. hxg6+ Rxg6 41.
Rg2 Rxg2 42. Kxg2 Bf8 43. Ba3 Qc6 44. Kf2 Be7 45. Ke1 Bg5 46. Qf2 f4 47. Rd1
Qd5 48. e6 Qxe6 49. d5 Qf6 50. Ke2 f3+ 51. Kd2 Qd4+ 52. Kc1 Bxe3+ 53. Rd2 Qxc5+
54. Kb1 Bxf2 55. Rxf2 Qxd5 0-1

[Event "I Festival dell'Etna A"]
[Site "Nicolosi ITA"]
[Date "2014.12.07"]
[Round "5"]
[White "Lalic, Bogdan"]
[Black "Tiviakov, Sergei"]
[WhiteElo "2479"]
[BlackElo "2677"]
[Result "1/2-1/2"]
[PlyCount "109"]
[EventDate "2014.12.05"]

1. d4 Nf6 2. c4 e6 3. Nf3 b6 4. g3 Bb7 5. Bg2 Be7 6. O-O O-O 7. Nc3 Na6 8. Ne5
Bxg2 9. Kxg2 c6 10. e4 Qc7 11. Nf3 d6 12. Qe2 Nd7 13. e5 Qb7 14. h4 c5 15. exd6
Bxd6 16. Qe4 Rab8 17. Rd1 Nf6 18. Qxb7 Rxb7 19. dxc5 Bxc5 20. Ne5 Rc8 21. b3
Nb8 22. Bb2 Kf8 23. Rd3 Nc6 24. Nxc6 Rxc6 25. Rad1 Be7 26. Kf3 h5 27. Ne4 Nxe4
28. Kxe4 f6 29. Rd7 Rcc7 30. Rxc7 Rxc7 31. a4 Ke8 32. Bc1 Bc5 33. Be3 Ke7 34.
Ra1 a5 35. Kd3 Rd7+ 36. Ke2 e5 37. Rb1 Ke6 38. f3 Bxe3 39. Kxe3 Rd4 40. f4 g6
41. fxe5 fxe5 42. Rf1 Rg4 43. Kf3 g5 44. hxg5 Rxg5 45. Rd1 e4+ 46. Kf2 Rf5+ 47.
Ke3 Rf3+ 48. Kxe4 Rxg3 49. Rd5 Rxb3 50. Rxh5 Kd6 51. Kd4 Kc6 52. Rh6+ Kb7 53.
c5 Rb4+ 54. Kd5 bxc5 55. Kxc5 1/2-1/2

[Event "I Festival dell'Etna A"]
[Site "Nicolosi ITA"]
[Date "2014.12.07"]
[Round "5"]
[White "Licata, Silvio"]
[Black "Fasino, Salvatore"]
[WhiteElo "1489"]
[BlackElo "1604"]
[Result "0-1"]
[PlyCount "148"]
[EventDate "2014.12.05"]

1. c4 Nf6 2. Nc3 g6 3. g3 Bg7 4. Bg2 d6 5. d3 O-O 6. Nf3 Nc6 7. O-O e5 8. Bg5
h6 9. Bxf6 Bxf6 10. Qd2 Bg7 11. Rab1 Rb8 12. b4 f5 13. e3 g5 14. b5 Ne7 15. e4
f4 16. Nd5 Nxd5 17. cxd5 Bg4 18. h3 Bd7 19. g4 Be8 20. d4 h5 21. dxe5 dxe5 22.
Ne1 hxg4 23. hxg4 Qd6 24. Bf3 Rf6 25. Kg2 Rh6 26. Be2 Rh4 27. Rh1 Qh6 28. Rxh4
Qxh4 29. Qc3 Qh7 30. Qd3 Bf8 31. Nc2 Rd8 32. Rh1 Qg7 33. Ne1 Rd6 34. Nf3 Bd7
35. Nd2 Rh6 36. Rxh6 Qxh6 37. Qh3 Qxh3+ 38. Kxh3 Kg7 39. f3 Kf6 40. Kg2 Bb4 41.
Nb3 c6 42. bxc6 bxc6 43. dxc6 Bxc6 44. Ba6 Ke6 45. Kf2 Kd6 46. Ke2 Kc7 47. Kd1
Kb6 48. Bc4 Bb5 49. Bxb5 Kxb5 50. Kc2 a5 51. Nc1 Kc4 52. Nd3 Bd6 53. Kd2 a4 54.
Kc2 Bc7 55. Nb2+ Kb4 56. Nd3+ Kb5 57. Kc3 Bd6 58. Kc2 Kc4 59. Nb2+ Kb4 60. Nd3+
Ka3 61. Nc1 Bc5 62. Kb1 Bd4 63. Nd3 Bc3 64. Nc1 Kb4 65. Nd3+ Kc4 66. Kc2 a3 67.
Nf2 Bb4 68. Nd1 Be1 69. Nb2+ axb2 70. Kxb2 Kd3 71. Kb3 Ke3 72. Kc4 Kxf3 73. Kd5
Ke3 74. Kxe5 f3 0-1

[Event "I Festival dell'Etna A"]
[Site "Nicolosi ITA"]
[Date "2014.12.07"]
[Round "5"]
[White "Lo Piccolo, Antonino"]
[Black "Monaco, Alessandro"]
[WhiteElo "1875"]
[BlackElo "1664"]
[Result "1-0"]
[PlyCount "93"]
[EventDate "2014.12.05"]

1. e4 d5 2. exd5 Qxd5 3. Nc3 Qd6 4. d4 Nf6 5. Nf3 a6 6. g3 Bg4 7. Bg2 Nc6 8.
O-O O-O-O 9. Be3 e5 10. dxe5 Nxe5 11. Qxd6 Nxf3+ 12. Bxf3 Bxd6 13. Bg2 Be5 14.
Ne4 Nxe4 15. Bxe4 h5 16. f3 Bh3 17. Rfb1 f5 18. Bd3 Bd4 19. Bxd4 Rxd4 20. Rd1
Rhd8 21. Be2 Rd2 22. Bd3 Rg2+ 23. Kh1 Rf2 24. f4 c5 25. b3 Bg4 26. Kg1 Rf3 27.
Kg2 Re3 28. Re1 Bf3+ 29. Kf2 Rxe1 30. Bxf5+ Kc7 31. Rxe1 Bc6 32. Re7+ Kb6 33.
Ke2 Re8 34. Rxe8 Bxe8 35. Ke3 Kc7 36. a4 c4 37. Kd4 cxb3 38. cxb3 Kd6 39. Be4
b6 40. Bd3 Bf7 41. Bc4 Bxc4 42. bxc4 g6 43. h3 Kc6 44. g4 hxg4 45. hxg4 Kd6 46.
f5 gxf5 47. gxf5 1-0

[Event "I Festival dell'Etna A"]
[Site "Nicolosi ITA"]
[Date "2014.12.07"]
[Round "5"]
[White "Lombardo, Corrado"]
[Black "Fabiano, Giuseppe"]
[WhiteElo "1855"]
[BlackElo "2015"]
[Result "0-1"]
[PlyCount "104"]
[EventDate "2014.12.05"]

1. e4 c5 2. Nf3 a6 3. c4 d6 4. Nc3 e6 5. d4 cxd4 6. Nxd4 Nd7 7. Be2 Ngf6 8. O-O
b6 9. Be3 Bb7 10. f3 Be7 11. Rc1 O-O 12. Qd2 Re8 13. Rfd1 Qb8 14. Bf1 Bd8 15.
Qf2 Bc7 16. g3 h6 17. Bg2 Ne5 18. b3 Qd8 19. h3 Rc8 20. f4 Ned7 21. Kh1 Qe7 22.
Rd2 Nc5 23. e5 Nfe4 24. Nxe4 Nxe4 25. Bxe4 Bxe4+ 26. Kh2 dxe5 27. Ne2 exf4 28.
Nxf4 Red8 29. Rcd1 Rxd2 30. Rxd2 Rd8 31. Qe1 Bb7 32. Bd4 Qg5 33. Bc3 Rxd2+ 34.
Qxd2 Bc6 35. a4 Qf5 36. Qd3 Be4 37. Qe3 Bc6 38. Qd3 Qg5 39. Qd2 Qc5 40. Qe2 Bb7
41. Qd2 Qc6 42. Qg2 Bxf4 43. Qxc6 Bxg3+ 44. Kxg3 Bxc6 45. a5 b5 46. cxb5 Bxb5
47. h4 f6 48. Bd4 Kf7 49. b4 g5 50. hxg5 hxg5 51. Bc5 e5 52. Kg4 Kg6 0-1

[Event "I Festival dell'Etna A"]
[Site "Nicolosi ITA"]
[Date "2014.12.07"]
[Round "5"]
[White "Mammoliti, Raffaele"]
[Black "Auci, Matteo"]
[WhiteElo "1512"]
[BlackElo "1500"]
[Result "0-1"]
[PlyCount "72"]
[EventDate "2014.12.05"]

1. d4 g6 2. c4 Bg7 3. Nc3 d6 4. Nf3 Nd7 5. g3 Ngf6 6. Bg2 O-O 7. O-O c5 8. d5
Ng4 9. Bd2 Nge5 10. b3 a6 11. a4 f5 12. Ng5 Nf6 13. e4 h6 14. Nh3 fxe4 15. Nxe4
Nxe4 16. Bxe4 Bxh3 17. Re1 Bg4 18. Qc2 Nf3+ 19. Bxf3 Bxf3 20. Qxg6 Rf6 21. Qd3
Qc8 22. Re3 Qh3 23. Rxf3 Rxf3 24. Qxf3 Bxa1 25. Qe4 Kf7 26. g4 Qh4 27. Qe6+ Kg7
28. g5 Bd4 29. Qxe7+ Kh8 30. Be3 Bxe3 31. fxe3 Qxg5+ 32. Qxg5 hxg5 33. Kf2 Kg7
34. Kf3 Rh8 35. Kg3 Kf6 36. h3 Kf5 0-1

[Event "I Festival dell'Etna A"]
[Site "Nicolosi ITA"]
[Date "2014.12.07"]
[Round "5"]
[White "Nobile, Stefano"]
[Black "Baiocchi, Emanuele"]
[WhiteElo "1803"]
[BlackElo "1947"]
[Result "0-1"]
[PlyCount "90"]
[EventDate "2014.12.05"]

1. Nf3 d5 2. c4 d4 3. d3 Nc6 4. e3 e5 5. exd4 exd4 6. g3 Nf6 7. Bg2 Bb4+ 8. Bd2
O-O 9. O-O Bf5 10. Bf4 Bd6 11. Bxd6 Qxd6 12. a3 a5 13. Qc2 Rfe8 14. Nbd2 Re7
15. Rfe1 Rae8 16. Rxe7 Rxe7 17. Nh4 Bc8 18. Ne4 Nxe4 19. Bxe4 g6 20. Qd2 b6 21.
b4 axb4 22. axb4 Qxb4 23. Qxb4 Nxb4 24. Ra8 Re8 25. Nf3 c5 26. Rb8 Kf8 27. Rxb6
f5 28. Bd5 Nxd3 29. Rf6+ Kg7 30. Rf7+ Kh6 31. h4 Ne5 32. Nxe5 Rxe5 33. Rc7 d3
34. Bg8 g5 35. Rxh7+ Kg6 36. h5+ Kf6 37. Rf7+ Ke6 38. Ra7+ Kd6 39. Kg2 d2 40.
h6 d1=Q 41. h7 Re1 42. Bd5 Qh5 43. f4 Re2+ 44. Kf1 Qh2 45. h8=Q Qf2# 0-1

[Event "I Festival dell'Etna A"]
[Site "Nicolosi ITA"]
[Date "2014.12.07"]
[Round "5"]
[White "Novak, Ksenija"]
[Black "Valguarnera, Girolamo"]
[WhiteElo "2087"]
[BlackElo "2080"]
[Result "1/2-1/2"]
[PlyCount "115"]
[EventDate "2014.12.05"]

1. Nf3 Nf6 2. c4 g6 3. Nc3 Bg7 4. e4 O-O 5. d4 d6 6. Be2 Nbd7 7. Be3 e5 8. O-O
exd4 9. Nxd4 Re8 10. f3 Ne5 11. Qd2 Nh5 12. f4 Ng4 13. Bxg4 Bxg4 14. f5 c5 15.
Nc2 gxf5 16. exf5 Qd7 17. Qf2 Re5 18. Nd5 Bxf5 19. Rae1 Bd3 20. b3 Bxf1 21.
Rxf1 f5 22. Qh4 Qf7 23. Bg5 h6 24. Bc1 Rae8 25. g4 Nf6 26. Bb2 Nxd5 27. Bxe5
Rxe5 28. cxd5 f4 29. Qd8+ Kh7 30. Qxd6 b6 31. Ne1 Rxd5 32. Qxf4 Qxf4 33. Rxf4
Rd2 34. a4 Bd4+ 35. Kf1 Rxh2 36. Ng2 Rh1+ 37. Ke2 Rh3 38. Rf3 Rxf3 39. Kxf3 Kg6
40. Nf4+ Kf6 41. Nd5+ Ke5 42. Nc7 Bb2 43. Nb5 a6 44. Nc7 Kd4 45. Nxa6 Ba3 46.
Nb8 Bb4 47. Nd7 Ba5 48. Nf6 Kc3 49. Ng8 Kxb3 50. Nxh6 Bd2 51. Nf7 c4 52. g5
Bxg5 53. Nxg5 c3 54. Ne6 Kxa4 55. Ke3 Kb3 56. Kd3 Kb2 57. Nd4 b5 58. Nc2
1/2-1/2

[Event "I Festival dell'Etna A"]
[Site "Nicolosi ITA"]
[Date "2014.12.07"]
[Round "5"]
[White "Oddo, Salvatore"]
[Black "Cervellione, Piernicola"]
[WhiteElo "1604"]
[BlackElo "1431"]
[Result "1-0"]
[PlyCount "127"]
[EventDate "2014.12.05"]

1. Nf3 Nf6 2. g3 g6 3. Bg2 Bg7 4. O-O O-O 5. d3 d5 6. Nbd2 c5 7. c3 Nc6 8. e4
Bg4 9. Qc2 e5 10. Re1 d4 11. Nc4 Re8 12. a4 Bxf3 13. Bxf3 dxc3 14. bxc3 Qd7 15.
Be3 b6 16. Bg2 Rad8 17. Rad1 Ng4 18. Bh3 f5 19. Bg5 Nf6 20. exf5 h6 21. Bxf6
Bxf6 22. Ne3 g5 23. Ng4 Kg7 24. Ne3 h5 25. g4 hxg4 26. Bxg4 Qc7 27. f3 Rh8 28.
h3 Rh6 29. Kg2 Nb8 30. c4 Nc6 31. Nd5 Qd6 32. Qb2 Nd4 33. Re4 Rhh8 34. Rde1
Rhe8 35. Qf2 Qd7 36. Qg3 Qxa4 37. Nxf6 Kxf6 38. Rxe5 Qc2+ 39. Kh1 Qa4 40. Rxe8
Rxe8 41. Qd6+ Kg7 42. Qg6+ Kf8 43. Qh6+ Kg8 44. Qxg5+ Kf8 45. Qh6+ Kg8 46. Qg6+
Kf8 47. Rxe8+ Qxe8 48. Qh6+ Ke7 49. f6+ Kd8 50. Qh4 Kc7 51. Bh5 Qe3 52. Qg3+
Kb7 53. f7 Qc1+ 54. Qg1 Qxg1+ 55. Kxg1 Ne6 56. Kf2 a5 57. Ke2 a4 58. Kd2 Kc6
59. f4 b5 60. f8=Q Nxf8 61. Be8+ Nd7 62. cxb5+ Kc7 63. Bxd7 Kxd7 64. f5 1-0

[Event "I Festival dell'Etna A"]
[Site "Nicolosi ITA"]
[Date "2014.12.07"]
[Round "5"]
[White "Pace, Colin"]
[Black "Marzaduri, Riccardo"]
[WhiteElo "2095"]
[BlackElo "2132"]
[Result "1/2-1/2"]
[PlyCount "25"]
[EventDate "2014.12.05"]

1. e4 e6 2. d4 d5 3. Nd2 Nc6 4. Ngf3 Nf6 5. e5 Nd7 6. Be2 Be7 7. O-O f6 8. exf6
Bxf6 9. c3 O-O 10. Re1 Re8 11. Nf1 e5 12. dxe5 Ndxe5 13. Bf4 1/2-1/2

[Event "I Festival dell'Etna A"]
[Site "Nicolosi ITA"]
[Date "2014.12.07"]
[Round "5"]
[White "Russo, Carmelo"]
[Black "Mihajlova, Diana"]
[WhiteElo "1647"]
[BlackElo "1478"]
[Result "1-0"]
[PlyCount "93"]
[EventDate "2014.12.05"]

1. d4 Nf6 2. c4 e5 3. dxe5 Ne4 4. a3 d6 5. exd6 Bxd6 6. Nc3 Nxf2 7. Kxf2 Qh4+
8. g3 Bxg3+ 9. hxg3 Qxh1 10. Bg2 Qh5 11. Qd5 Qf5+ 12. Qxf5 Bxf5 13. Bxb7 O-O
14. Bxa8 c6 15. Bb7 Bd7 16. Bf4 Be6 17. c5 Nd7 18. b4 f6 19. Bxc6 Ne5 20. Bxe5
fxe5+ 21. Kg2 Kh8 22. Rd1 g6 23. Rd6 Bc8 24. Nf3 e4 25. Nxe4 Ba6 26. b5 Bc8 27.
Neg5 h6 28. Ne6 Rg8 29. Bd5 Re8 30. Nf4 Bf5 31. Nxg6+ Bxg6 32. Rxg6 Rxe2+ 33.
Kf1 Rc2 34. Rxh6+ Kg7 35. Rc6 Rc3 36. a4 Rc1+ 37. Kg2 Rc2+ 38. Kh3 Rc3 39. Rc7+
Kf6 40. Rf7+ Kg6 41. Ne5+ Kh6 42. c6 Rc5 43. Ng4+ Kg6 44. Rd7 Kf5 45. c7 a6 46.
b6 a5 47. b7 1-0

[Event "I Festival dell'Etna A"]
[Site "Nicolosi ITA"]
[Date "2014.12.07"]
[Round "5"]
[White "Savalla, Gianluca"]
[Black "Dagnino, Marcello"]
[WhiteElo "1753"]
[BlackElo "1524"]
[Result "1-0"]
[PlyCount "65"]
[EventDate "2014.12.05"]

1. d4 Nf6 2. Bg5 h6 3. Bxf6 gxf6 4. c4 e6 5. e3 c6 6. Nf3 Qa5+ 7. Nbd2 Na6 8.
a3 Qh5 9. Bd3 Qg4 10. Rg1 Nc7 11. h3 Qg7 12. Qb3 Be7 13. O-O-O b6 14. Kb1 Ba6
15. Rc1 h5 16. e4 O-O 17. g4 h4 18. Nxh4 Kh8 19. Qd1 Qh6 20. Nhf3 Rg8 21. h4
Qf4 22. g5 Rg7 23. gxf6 Qxf6 24. e5 Qh6 25. Rxg7 Qxg7 26. Ng5 b5 27. c5 b4 28.
Qh5+ Kg8 29. Bh7+ Kf8 30. Rg1 Ke8 31. Ngf3 Bd3+ 32. Bxd3 Qf8 33. Bh7 1-0

[Event "I Festival dell'Etna A"]
[Site "Nicolosi ITA"]
[Date "2014.12.07"]
[Round "5"]
[White "Savina, Anastasia"]
[Black "Efimov, Igor"]
[WhiteElo "2397"]
[BlackElo "2409"]
[Result "1-0"]
[PlyCount "83"]
[EventDate "2014.12.05"]

1. d4 e6 2. c4 Nf6 3. Nc3 d5 4. cxd5 exd5 5. Bg5 c6 6. e3 Bf5 7. Qf3 Bg6 8.
Bxf6 Qxf6 9. Qxf6 gxf6 10. Nf3 Nd7 11. Nh4 Bb4 12. Kd2 Nb6 13. a3 Be7 14. b3
Nc8 15. g3 Nd6 16. f3 O-O 17. Bd3 Rfe8 18. Ng2 Bf8 19. h4 Bh6 20. g4 Bxd3 21.
Kxd3 Re7 22. Rae1 Rd8 23. Ne2 Rc8 24. Ng3 Re6 25. Nh5 Ne8 26. Rc1 Ra8 27. Rhe1
Bf8 28. Ngf4 Bxa3 29. Ra1 Bb4 30. Nxe6 Bxe1 31. Nc5 Bb4 32. Nxb7 a5 33. Nc5
Bxc5 34. dxc5 Rb8 35. Rxa5 Rxb3+ 36. Kc2 Rxe3 37. Ra8 Kf8 38. Nxf6 h6 39. g5
hxg5 40. hxg5 Kg7 41. Rxe8 Rxf3 42. Rg8# 1-0